000 01742cam a22004694a 4500
001 muse86562
003 MdBmJHUP
005 20210127151717.0
006 m o d
007 cr||||||||nn|n
008 730410s1972 ncu o 00 0 eng d
010 _z 73158284
020 _a9781469657851
020 _z9781469657844
035 _a(OCoLC)1155224663
040 _aMdBmJHUP
_cMdBmJHUP
041 0 _aeng
_aice
050 0 4 _aPT7269.L5
_bM3 1972
082 0 _a839/.6/3
100 1 _aMadelung, A. Margaret Arent
_q(Alice Margaret Arent),
_d1926-
245 0 4 _aThe Laxdœla Saga
_bIts Structural Patterns /
_c[by] A. Margaret Arent Madelung.
264 1 _bUniversity of North Carolina Press,
264 3 _bProject MUSE,
300 _a1 online resource (xiii, 258 p.)
490 0 _aUniversity of North Carolina studies in the Germanic languages and literatures,
_vno. 74
500 _aRevision of the author's thesis, University of Chicago.
504 _aBibliography: p. 239-243.
506 0 _aOpen Access
_fUnrestricted online access
_2star
588 _aDescription based on print version record.
630 0 0 _aLaxdaela saga.
650 0 _aRhetoric, Medieval.
650 0 _aSagas
_xHistory and criticism.
655 7 _aElectronic books.
_2local
710 2 _aProject Muse.
_edistributor
830 0 _aUniversity of North Carolina studies in the Germanic languages and literatures ;
_vno. 74.
830 0 _aBook collections on Project MUSE.
856 4 0 _zFull text available:
_uhttps://muse.jhu.edu/book/75743/
999 _c26738
_d26738